You can't bottle blue skies.

Predstaviteľ najväčšej kanadskej banky s 1600 pobočkami hodnotí vklad a pôsobenie banky na úsilie podnikov a odvetví o akosť. Tlak na akosť kanadských výrobkov sa zvyšuje po uzavretí dohody o voľnom obchode s USA a plánovanom pristúpení Mexika k nej. Prehľad stredísk výuky, výskumu a konzultácií pre...

ver descrição completa

Na minha lista:
Detalhes bibliográficos
Autor principal: Cleghorn, J.E
Formato: Capítulo de Livro
Idioma:inglês
Assuntos:
Tags: Adicionar Tag
Sem tags, seja o primeiro a adicionar uma tag!

MARC

LEADER 00000naa a2200000 4500
001 r006830
005 20221213084511.1
041 0 |a eng 
044 |a US 
245 1 0 |a You can't bottle blue skies.  |c J.E. Cleghorn 
520 |a Predstaviteľ najväčšej kanadskej banky s 1600 pobočkami hodnotí vklad a pôsobenie banky na úsilie podnikov a odvetví o akosť. Tlak na akosť kanadských výrobkov sa zvyšuje po uzavretí dohody o voľnom obchode s USA a plánovanom pristúpení Mexika k nej. Prehľad stredísk výuky, výskumu a konzultácií pre zabezpečenie starostlivosti o akosť v Kanade. 
610 2 0 |a banky 
610 2 0 |a Kanada 
610 2 0 |a banka-podnik 
610 2 0 |a kvalita výrobkov 
610 2 0 |a obchod voľný 
610 2 0 |a USA 
610 2 0 |a dohody obchodné 
610 2 0 |a riadenie kvality 
100 1 |a Cleghorn, J.E.